HBR's 10 must reads on leadership (Record no. 56)

000 -LEADER
fixed length control field 01155cam a2200361 a 4500
001 - CONTROL NUMBER
control field 16355277
003 - CONTROL NUMBER IDENTIFIER
control field OSt
005 - DATE AND TIME OF LATEST TRANSACTION
control field 20210411110005.0
008 - FIXED-LENGTH DATA ELEMENTS--GENERAL INFORMATION
fixed length control field 100729s2011 mau 001 0 eng
010 ## - LIBRARY OF CONGRESS CONTROL NUMBER
LC control number 2010031617
020 ## - INTERNATIONAL STANDARD BOOK NUMBER
International Standard Book Number 9781422157978 (pbk. : alk. paper)
040 ## - CATALOGING SOURCE
Original cataloging agency DLC
Transcribing agency DLC
Modifying agency DLC
042 ## - AUTHENTICATION CODE
Authentication code pcc
050 00 - LIBRARY OF CONGRESS CALL NUMBER
Classification number HD57.7
Item number .H3914 2011
080 ## - UNIVERSAL DECIMAL CLASSIFICATION NUMBER
Universal Decimal Classification number 65
Item number L-44
082 00 - DEWEY DECIMAL CLASSIFICATION NUMBER
Classification number 658.4/092
Edition number 22
245 00 - TITLE STATEMENT
Title HBR's 10 must reads on leadership
246 3# - VARYING FORM OF TITLE
Title proper/short title HBR's ten must reads on leadership
246 3# - VARYING FORM OF TITLE
Title proper/short title Harvard business review's 10 must reads on leadership
260 ## - PUBLICATION, DISTRIBUTION, ETC.
Place of publication, distribution, etc. Boston, Mass. :
Name of publisher, distributor, etc. Harvard Business Review Press,
Date of publication, distribution, etc. c2011.
300 ## - PHYSICAL DESCRIPTION
Extent v, 217 p. ;
Dimensions 21 cm.
365 ## - TRADE PRICE
Price amount 10.77 usd
490 0# - SERIES STATEMENT
Series statement HBR's 10 must reads
500 ## - GENERAL NOTE
General note Includes index.
650 #0 - SUBJECT ADDED ENTRY--TOPICAL TERM
Topical term or geographic name entry element Leadership.
653 ## - INDEX TERM--UNCONTROLLED
Uncontrolled term ბიზნესი
653 ## - INDEX TERM--UNCONTROLLED
Uncontrolled term ლიდერობა
700 ## - ADDED ENTRY--PERSONAL NAME
9 (RLIN) 3
Personal name Drucker, F. Peter
730 0# - ADDED ENTRY--UNIFORM TITLE
Uniform title Harvard business review.
906 ## - LOCAL DATA ELEMENT F, LDF (RLIN)
a 7
b cbc
c orignew
d 1
e ecip
f 20
g y-gencatlg
942 ## - ADDED ENTRY ELEMENTS (KOHA)
Source of classification or shelving scheme
Koha item type Books
Holdings
Withdrawn status Lost status Source of classification or shelving scheme Damaged status Not for loan Permanent location Current location Date acquired Inventory number Full call number Barcode Date last seen Price effective from Koha item type Total Checkouts
          Ken Walker International University Ken Walker International University 11/05/2020 44 65 L-44 44 11/05/2020 11/05/2020 Books  
          Ken Walker International University Ken Walker International University 11/25/2020 1075 65 L-44 1075 11/25/2020 11/25/2020 Books  

Powered by Koha